[Event "Ch Spain (team) (2 div) (gr.1)"]
[Site "masterchessopen.com - Padrun (Spain)"]
[Date "2011.08.11"]
[Round "2"]
[White "Dziuba Marcin (POL)"]
[Black "Velasco Gonzalez Julio (ESP)"]
[Result "1-0"]
[WhiteElo "2592"]
[BlackElo "2195"]

1.d4 c5 2.d5 Nf6 3.c4 g6 4.Nc3 Bg7 5.g3 O-O 6.Bg2 e6 7.Nf3 exd5 8.cxd5 d6
9.O-O Na6 10.h3 Nc7 11.e4 Re8 12.Re1 Rb8 13.a4 a6 14.Bf4 Nh5 15.Bg5 Bf6
16.Bxf6 Nxf6 17.e5 dxe5 18.Nxe5 Bd7 19.Qf3 b5 20.d6 Ne6 21.Nd5 Kg7 22.Qxf6+
{#r} 1-0

[Event "Memorial M.Botvinnik (open)"]
[Site "masterchessopen.com - St. Petersburg (Russia)"]
[Date "2011.08.18"]
[Round "7"]
[White "Baryshpolets Andrey (UKR)"]
[Black "Derbenev Andrey (RUS)"]
[Result "1-0"]
[WhiteElo "2477"]
[BlackElo "2353"]

1.d4 Nf6 2.c4 e6 3.g3 c5 4.d5 exd5 5.cxd5 d6 6.Nc3 g6 7.Bg2 Bg7 8.Nf3 O-O
9.O-O Na6 10.h3 Re8 11.Nd2 Rb8 12.a4 Nb4 13.Nc4 Bf5 14.Bf4 Bf8 15.Ne3 Bc8
16.g4 h5 17.f3 b6 18.Nc4 a6 19.a5 b5 20.Nb6 Bg7 21.Qd2 Qe7 22.Kh1 Bb7 23.Bg5
Qe5 24.Rad1 Bc8 25.f4 Qe7 26.gxh5 Qf8 27.h6 Bh8 28.f5 gxf5 29.Nxc8 Rbxc8
30.Rxf5 Nh7 31.Bf3 Re5 32.Rg1 Rxf5 33.Be7+ Qg7 34.hxg7 Bxg7 35.Qh6 {#r} 1-0

[Event "It (open)"]
[Site "masterchessopen.com - Stockholm (Sweden)"]
[Date "2011.08.19"]
[Round "7"]
[White "Olund Joar (SWE)"]
[Black "Bostrom Gabriel (SWE)"]
[Result "1-0"]
[WhiteElo "2143"]
[BlackElo "2025"]

1.d4 Nf6 2.c4 c5 3.d5 e6 4.Nc3 exd5 5.cxd5 d6 6.g3 g6 7.Bg2 Bg7 8.Nf3 O-O
9.O-O Re8 10.Nd2 b6 11.a4 Ba6 12.Nb5 Qd7 13.Nc4 Bf8 14.Qb3 Bxb5 15.axb5 Qc7
16.Qd3 Ng4 17.f4 f5 18.e4 fxe4 19.Bxe4 Nh6 20.f5 Nxf5 21.Bxf5 gxf5 22.Rxf5 Bg7
23.Bf4 Rd8 24.Qe4 Qd7 25.Qe6+ Qxe6 26.dxe6 d5 27.e7 Re8 28.Nxb6 Nc6 29.bxc6
axb6 30.Rxa8 Rxa8 31.Bc7 Re8 32.Bd8 b5 33.c7 Bd4+ 34.Kg2 {#r} 1-0

[Event "Memorial Kesarovski-Stanchev (open)"]
[Site "masterchessopen.com - Sunny Beach (Bulgaria)"]
[Date "2011.08.29"]
[Round "3"]
[White "Cioara Andrei Nestor (ROM)"]
[Black "Voicu Carmen (ROM)"]
[Result "1-0"]
[WhiteElo "2430"]
[BlackElo "2290"]

1.d4 Nf6 2.c4 c5 3.d5 e6 4.Nc3 exd5 5.cxd5 d6 6.Nf3 g6 7.g3 Bg7 8.Bg2 O-O
9.O-O Na6 10.Nd2 Nc7 11.Nc4 b5 12.Nxd6 Qxd6 13.Bf4 Qb6 14.d6 Ne6 15.Bxa8 Nxf4
16.gxf4 Rd8 17.e3 Bg4 18.Bf3 Rxd6 19.Qe2 Rd2 20.Qxd2 Bxf3 21.h3 b4 22.Na4 Qe6
23.Kh2 Ne4 24.Qd8+ Bf8 25.Rac1 c4 26.a3 h6 27.axb4 Kh7 28.Nc5 Nxc5 29.bxc5 g5
30.Qxf8 gxf4 31.Rg1 {#r} 1-0

[Event "Memorial Kesarovski-Stanchev (open)"]
[Site "masterchessopen.com - Sunny Beach (Bulgaria)"]
[Date "2011.08.30"]
[Round "4"]
[White "Krastev Vasil (BUL)"]
[Black "Bonev Todor (BUL)"]
[Result "0-1"]
[WhiteElo "2025"]
[BlackElo "2300"]

1.d4 Nf6 2.c4 c5 3.d5 e6 4.Nc3 exd5 5.cxd5 d6 6.Nf3 g6 7.g3 Bg7 8.Bg2 O-O
9.O-O a6 10.a4 Nbd7 11.Bf4 Qe7 12.Qd2 Re8 13.Rab1 Ng4 14.Bg5 f6 15.h3 Nxf2
16.Rxf2 fxg5 17.Kh2 Ne5 18.e4 g4 19.Nxe5 Bxe5 20.Ne2 gxh3 21.Bxh3 Qh4 22.Nf4
Bxf4 23.Qxf4 Qxh3+ 24.Kg1 Qd7 25.Rbf1 Qe7 26.Qh6 Qg7 27.Qf4 Bh3 {#R} 0-1

[Event "Cup Governor's (open)"]
[Site "masterchessopen.com - Khanty Mansyisk (Russia)"]
[Date "2011.09.04"]
[Round "5"]
[White "Iskusnyh Sergei (RUS)"]
[Black "Banlock Benjamin Didier"]
[Result "1-0"]
[WhiteElo "2455"]
[BlackElo "2026"]

1.d4 Nf6 2.c4 c5 3.d5 e6 4.Nc3 exd5 5.cxd5 d6 6.Nf3 g6 7.g3 Bg7 8.Bg2 O-O
9.O-O Bg4 10.Nd2 Re8 11.h3 Bc8 12.Nc4 Rf8 13.Bf4 Ne8 14.Ne4 b5 15.Ncxd6 Bd7
16.Nxc5 g5 17.Nxe8 Bxe8 18.Be3 Bxb2 19.Rb1 Bf6 20.d6 Nd7 21.Ne4 Rc8 22.Nxf6+
Qxf6 23.Rxb5 Nb6 24.Rxg5+ {#r} 1-0

[Event "It (cat.2)"]
[Site "masterchessopen.com - Anapa (Russia)"]
[Date "2011.09.08"]
[Round "9"]
[White "Glidzhain Gor (RUS)"]
[Black "Kostromin Mikhail (ISR)"]
[Result "1-0"]
[WhiteElo "2331"]
[BlackElo "2363"]

1.d4 Nf6 2.c4 e6 3.Nf3 c5 4.d5 exd5 5.cxd5 d6 6.g3 g6 7.Bg2 Bg7 8.Nc3 O-O
9.O-O Na6 10.Nd2 Nc7 11.a4 b6 12.h3 Ba6 13.Re1 Nd7 14.Qc2 Re8 15.b3 Bxe2
16.Nde4 Ba6 17.Bg5 f6 18.Bf4 Ne5 19.Rad1 Nf7 20.g4 Qd7 21.Qd2 Rad8 22.g5 f5
23.Nf6+ Bxf6 24.gxf6 Rxe1+ 25.Rxe1 Re8 26.Rb1 Qd8 27.b4 Qxf6 28.bxc5 dxc5 {#r}
1-0

[Event "It \"]
[Site "masterchessopen.com - Antwerpen (Belgium)"]
[Date "2011.09.09"]
[Round "7"]
[White "Docx Stefan (BEL)"]
[Black "Edouard Romain (FRA)"]
[Result "1-0"]
[WhiteElo "2328"]
[BlackElo "2608"]

1.d4 Nf6 2.c4 e6 3.g3 c5 4.d5 d6 5.Nc3 exd5 6.cxd5 g6 7.Bg2 Bg7 8.Nf3 O-O
9.O-O Re8 10.Bf4 Na6 11.Re1 Nh5 12.Bg5 Qb6 13.Qc1 Bd7 14.e4 c4 15.Bf1 Rac8
16.Nd2 h6 17.Be3 Qd8 18.Nxc4 Bxc3 19.bxc3 Bb5 20.Nd2 Bxf1 21.Rxf1 Nf6 22.Bd4
Nc5 23.f3 Nfd7 24.Nc4 Ne5 25.Qxh6 Na4 26.f4 {#r} 1-0

[Event "Match \"]
[Site "masterchessopen.com - Ankara (Turkey)"]
[Date "2011.09.13"]
[Round "5"]
[White "Alavi Sayed Javad (IRI)"]
[Black "Can Emre (TUR)"]
[Result "1-0"]
[WhiteElo "2436"]
[BlackElo "2498"]

1.d4 Nf6 2.c4 e6 3.Nc3 c5 4.d5 exd5 5.cxd5 d6 6.Nf3 g6 7.g3 Bg7 8.Bg2 O-O
9.O-O Re8 10.Bf4 Na6 11.Re1 Bg4 12.h3 Bxf3 13.Bxf3 Qb6 14.Qb3 Qxb3 15.axb3 Bf8
16.Nb5 Rad8 17.Red1 Rd7 18.Ra4 Ra8 19.e4 Re8 20.Nc3 Rdd8 21.Be2 Nb4 22.Bg5 Bg7
23.Rxa7 Re7 24.f3 h6 25.Bd2 Nh7 26.Bc4 f5 27.exf5 gxf5 28.Re1 Rxe1+ 29.Bxe1
Ng5 30.Kg2 Re8 31.Bd2 Re7 32.g4 fxg4 33.hxg4 Nc2 34.f4 Nf7 35.Ra8+ Bf8 36.Nb5
Nb4 37.Bxb4 cxb4 38.Nd4 {#r} 1-0

[Event "Ch Czech Republic (team) (1 liga) West"]
[Site "masterchessopen.com - Czech Republic"]
[Date "2011.10.02"]
[Round "1"]
[White "Kucera Petr 88 (CZE)"]
[Black "Belaska Premysl (CZE)"]
[Result "0-1"]
[WhiteElo "2158"]
[BlackElo "2231"]

1.d4 Nf6 2.Nf3 c5 3.d5 e6 4.c4 exd5 5.cxd5 d6 6.Nc3 g6 7.g3 Bg7 8.Bg2 O-O
9.O-O a6 10.a4 Qc7 11.Nd2 Nbd7 12.Qc2 Rb8 13.a5 b5 14.axb6 Nxb6 15.Rd1 Re8
16.e4 Nfd7 17.Bf1 Ne5 18.h3 g5 19.Bg2 g4 20.hxg4 Nxg4 21.Nf3 Nc4 22.Ra4 Na5
23.Bf4 Nb3 24.Nb1 Qd8 25.Ra2 Nd4 26.Nxd4 Bxd4 27.Rd2 a5 28.Na3 Ba6 29.Bf3 Ne5
30.Be2 Bxe2 31.Rxe2 Qf6 32.Kg2 Kh8 33.Bxe5 Rxe5 34.Nc4 Rh5 35.Qc1 Rg8 36.Ne3
Qh4 37.Nf5 Qh3+ 38.Kf3 Qg4+ {#R} 0-1

[Event "Ch World (amateurs)"]
[Site "masterchessopen.com - Antalya (Turkey)"]
[Date "2011.10.06"]
[Round "5"]
[White "Vivek M (IND)"]
[Black "Anu Bayar (MGL)"]
[Result "0-1"]
[WhiteElo "1882"]
[BlackElo "1940"]

1.d4 Nf6 2.c4 c5 3.d5 e6 4.g3 exd5 5.cxd5 g6 6.Nc3 d6 7.Bg2 Bg7 8.Nf3 O-O
9.O-O a6 10.a4 Nbd7 11.Bf4 Ne8 12.Rc1 Qe7 13.Qc2 Rb8 14.a5 b5 15.axb6 Nxb6
16.Rfd1 Bd7 17.Nd2 Bxc3 18.Qxc3 Na4 19.Qf3 Nxb2 20.Re1 Na4 21.e4 f6 22.Nc4 Bb5
23.h4 Bxc4 24.Rxc4 Nb6 25.Rxc5 g5 26.Rc6 gxf4 27.Rec1 fxg3 28.Qxg3+ Kh8 29.Qe3
Nd7 30.Bh3 Rg8+ 31.Kh2 Nc5 32.Bf5 Qg7 33.Bh3 Qe7 34.Bf5 Qg7 {#R} 0-1

[Event "Memorial Oliver Gonzalez (open)"]
[Site "masterchessopen.com - Madrid (Spain)"]
[Date "2011.10.11"]
[Round "4"]
[White "Garcia Hernandez Javier (ESP)"]
[Black "Perez Cameselle Francisco (ESP)"]
[Result "0-1"]
[WhiteElo "1741"]
[BlackElo "1938"]

1.d4 Nf6 2.c4 c5 3.d5 e6 4.Nc3 exd5 5.cxd5 d6 6.Nf3 g6 7.g3 Bg7 8.Bg2 O-O
9.O-O Na6 10.Re1 Re8 11.Bg5 h6 12.Bf4 g5 13.Bc1 Bf5 14.Nd2 Nb4 15.e4 Nd3
16.Re3 Nxf2 17.Kxf2 Ng4+ 18.Ke2 Nxe3 19.Kxe3 Bxe4 20.Ndxe4 f5 21.Kd3 fxe4+
22.Bxe4 c4+ 23.Ke3 Qb6+ 24.Kf3 Rf8+ 25.Kg4 Rae8 26.Bf5 h5+ 27.Kxh5 Rxf5 28.Qc2
Rf2 29.Qg6 Rxh2+ 30.Kg4 Qd4+ 31.Bf4 Rf8 32.Rd1 Rxf4+ 33.Kxg5 Qe5+ {#R} 0-1

[Event "Memorial M.Chigorin (open)"]
[Site "masterchessopen.com - St. Petersburg (Russia)"]
[Date "2011.10.14"]
[Round "1"]
[White "Maiorov Nikita (BLR)"]
[Black "Ivanov Rostislav (RUS)"]
[Result "1-0"]
[WhiteElo "2558"]
[BlackElo "2202"]

1.d4 Nf6 2.c4 c5 3.d5 e6 4.Nc3 exd5 5.cxd5 d6 6.g3 g6 7.Bg2 Bg7 8.Nf3 O-O
9.O-O Re8 10.Bf4 a6 11.a4 Qc7 12.h3 Nbd7 13.Rc1 Ne4 14.Nxe4 Rxe4 15.Nd2 Re8
16.b4 b6 17.a5 Qb8 18.Nc4 Bf8 19.bxc5 bxc5 20.Rb1 Qc7 21.Qa4 Bb7 22.Bxd6 Bxd6
23.Nxd6 Qxd6 24.Rxb7 Nf6 25.e3 {#r} 1-0

[Event "Memorial M.Chigorin (open)"]
[Site "masterchessopen.com - St. Petersburg (Russia)"]
[Date "2011.10.20"]
[Round "7"]
[White "Yuffa Daniil (RUS)"]
[Black "Ivanov Rostislav (RUS)"]
[Result "1-0"]
[WhiteElo "2378"]
[BlackElo "2202"]

1.d4 Nf6 2.c4 c5 3.d5 e6 4.Nc3 exd5 5.cxd5 d6 6.Nf3 g6 7.g3 Bg7 8.Bg2 O-O
9.O-O Na6 10.h3 Nc7 11.e4 Re8 12.Re1 Rb8 13.a4 a6 14.Bf4 Nh5 15.Bg5 Bf6
16.Bxf6 Nxf6 17.e5 dxe5 18.Nxe5 Nd7 19.Nxd7 Bxd7 20.Qd2 Rxe1+ 21.Rxe1 Ne8
22.Qf4 Rc8 23.d6 Be6 24.Rd1 Qd7 25.Ne4 Kg7 26.Nxc5 Rxc5 27.Qd4+ Nf6 28.Qxc5
Qxa4 29.Qd4 {#r} 1-0

[Event "It (open)"]
[Site "masterchessopen.com - Bad Wiessee (Germany)"]
[Round "3"]
[White "De Andres Gonalons Fernando (ESP)"]
[Black "Bromberger Stefan (GER)"]
[Result "0-1"]
[WhiteElo "2137"]
[BlackElo "2511"]

1.d4 Nf6 2.c4 e6 3.Nf3 c5 4.d5 exd5 5.cxd5 d6 6.Nc3 g6 7.g3 Bg7 8.Bg2 O-O
9.O-O Re8 10.Bf4 Bg4 11.h3 Bxf3 12.Bxf3 Na6 13.Bg2 Nc7 14.a4 a6 15.Qd3 Qd7
16.a5 Nh5 17.Bd2 Rab8 18.g4 Nf6 19.Bf4 b5 20.Rfe1 c4 21.Qg3 b4 22.Na4 Ncxd5
23.Bxd6 Rbd8 24.Be5 Nh5 25.gxh5 Bxe5 26.Qf3 Nf4 27.hxg6 hxg6 28.e3 Nxg2
29.Kxg2 Qb5 30.Qe2 Rd3 31.Rec1 Red8 32.Qg4 c3 33.bxc3 bxc3 34.Qe4 c2 35.Ra2
Rd1 36.Qxc2 Qf1+ {#R} 0-1

[Event "Ch World (juniors) (under 14)"]
[Site "masterchessopen.com - Caldas Novas (Brazil)"]
[Date "2011.11.24"]
[Round "7"]
[White "Bluebaum Matthias (GER)"]
[Black "Bellahcene Bilel (FRA)"]
[Result "0-1"]
[WhiteElo "2403"]
[BlackElo "2311"]

1.d4 Nf6 2.c4 e6 3.g3 c5 4.d5 exd5 5.cxd5 d6 6.Nc3 g6 7.Bg2 Bg7 8.Nf3 O-O
9.O-O a6 10.a4 Re8 11.h3 Nbd7 12.Bf4 Nh5 13.Bg5 Bf6 14.Bd2 Ne5 15.Nxe5 Bxe5
16.e4 Bd7 17.Kh2 b5 18.f4 Bd4 19.g4 Nf6 20.axb5 axb5 21.Rxa8 Qxa8 22.Qb1 b4
23.Ne2 Bb5 24.Nxd4 Bxf1 25.Qxf1 Nxe4 26.Bxe4 Rxe4 27.Nc6 Qe8 28.Kg3 Re2 29.Bc1
Re1 30.Qc4 Rg1+ 31.Kh4 Qe1+ {#R} 0-1

[Event "It (open)"]
[Site "masterchessopen.com - Vishakapatnam (India)"]
[Date "2011.11.29"]
[Round "9"]
[White "Gleizerov Evgeny (RUS)"]
[Black "Rathnakaran K (IND)"]
[Result "1-0"]
[WhiteElo "2566"]
[BlackElo "2403"]

1.d4 Nf6 2.c4 c5 3.d5 e6 4.Nc3 exd5 5.cxd5 d6 6.Nf3 g6 7.g3 Bg7 8.Bg2 O-O
9.O-O Na6 10.h3 Bd7 11.e4 Re8 12.Re1 Qb8 13.a4 Nb4 14.Bf1 b6 15.Nd2 Nh5 16.Nc4
f5 17.Bg2 Bd4 18.Ne2 Bg7 19.Nf4 b5 20.Nxh5 gxh5 21.axb5 Bxb5 22.Ne3 f4 23.gxf4
Nd3 24.Nf5 Nxe1 25.Qxe1 Bd7 26.Nxg7 Kxg7 27.Bd2 Kf7 28.Bc3 Qd8 29.e5 Bf5
30.e6+ Kg6 31.Qe3 Rg8 32.Kh2 Kh6 33.Be4 Qf8 34.Qd3 Bxe4 35.Qxe4 Qe7 36.f5 Qg5
37.Rd1 {#r} 1-0

[Event "Extraliga 2011/2012"]
[Site "masterchessopen.com - Czech Republic"]
[Date "2011.12.04"]
[Round "4"]
[White "Bernasek Jan (CZE)"]
[Black "Vesselovsky Serguei (CZE)"]
[Result "1-0"]
[WhiteElo "2464"]
[BlackElo "2364"]

1.d4 Nf6 2.c4 e6 3.g3 c5 4.d5 exd5 5.cxd5 d6 6.Nc3 g6 7.Bg2 Bg7 8.Nf3 O-O
9.O-O a6 10.a4 Nbd7 11.Bf4 Qe7 12.Qd2 Ng4 13.Rfe1 Re8 14.Rab1 Nge5 15.h3 b6
16.Bh6 Bh8 17.Nh2 f6 18.h4 Nf7 19.Bf4 g5 20.hxg5 fxg5 21.Be3 Nde5 22.Qc2 Nh6
23.Bd2 Nf5 24.Nf3 h6 25.Nxe5 Bxe5 26.b4 Qf7 27.bxc5 bxc5 28.Qd3 Rf8 29.Ne4 Qh5
30.e3 Ra7 31.Bc3 Bxc3 32.Qxc3 Raf7 33.Rb8 Qg6 34.Rb6 g4 35.Qxc5 Rd8 {#r} 1-0

[Event "Czech League 2011/12 (2nd) (a)"]
[Site "masterchessopen.com - Czech Republic"]
[Date "2012.01.08"]
[Round "5"]
[White "Drabek Miloslav (CZE)"]
[Black "Hava Petr (CZE)"]
[Result "1-0"]
[WhiteElo "1980"]
[BlackElo "1949"]

1.d4 c5 2.d5 d6 3.c4 e6 4.Nc3 exd5 5.cxd5 g6 6.Nf3 Bg7 7.g3 Nf6 8.Bg2 O-O
9.O-O Bf5 10.Nh4 Bg4 11.h3 Bd7 12.a4 Na6 13.e4 Nb4 14.Bf4 Qe7 15.Qd2 Nh5
16.Be3 a6 17.a5 Bb5 18.Nxb5 axb5 19.g4 Nf6 20.Bg5 Qc7 21.Bh6 Rxa5 22.Rxa5 Qxa5
23.Bxg7 Kxg7 24.Nf5+ Kg8 25.Qh6 gxf5 26.Qg5+ Kh8 27.Qxf6+ Kg8 28.Qg5+ Kh8
29.Qf6+ Kg8 30.Qxd6 Nd3 31.gxf5 Qd2 32.f6 Qg5 33.Ra1 Nf4 34.Qxf8+ {#r} 1-0

[Event "Bundesliga 2011/12 (w)"]
[Site "masterchessopen.com - Germany"]
[Date "2012.01.21"]
[Round "6"]
[White "Sharevich Anna (BLR)"]
[Black "Schulz Stefanie (GER)"]
[Result "1-0"]
[WhiteElo "2267"]
[BlackElo "2075"]

1.d4 Nf6 2.c4 c5 3.d5 e6 4.Nc3 exd5 5.cxd5 d6 6.Nf3 g6 7.g3 Bg7 8.Bg2 O-O
9.O-O Re8 10.Bf4 a6 11.a4 Ne4 12.Nxe4 Rxe4 13.Nd2 Rb4 14.b3 g5 15.Be3 Bf5
16.Ra2 Bd4 17.Nc4 Bxe3 18.Nxe3 Be4 19.f3 Bg6 20.Nc4 Qe7 21.e4 Nd7 22.f4 f6
23.e5 fxe5 24.f5 Bf7 25.f6 Qf8 26.Qg4 Rd8 27.Qxg5+ Bg6 28.Be4 Kf7 29.Bf5 Bxf5
30.Nxd6+ Qxd6 31.Qg7+ Ke8 32.f7+ {#r} 1-0

[Event "Memorial Tringov (open)"]
[Site "masterchessopen.com - Plovdiv (Bulgaria)"]
[Round "3"]
[White "Antic Dejan (SRB)"]
[Black "Hadzimanolis Antonios (GRE)"]
[Result "1-0"]
[WhiteElo "2504"]
[BlackElo "2332"]

1.d4 Nf6 2.c4 e6 3.g3 c5 4.d5 exd5 5.cxd5 d6 6.Nc3 g6 7.Bg2 Bg7 8.Nf3 O-O
9.O-O a6 10.a4 Nbd7 11.Bf4 Qe7 12.h3 Rb8 13.Rb1 Nh5 14.Bg5 Qe8 15.Qd2 b5
16.axb5 axb5 17.b4 Ne5 18.Nxe5 Qxe5 19.Rfc1 c4 20.Bh6 Re8 21.Bxg7 Nxg7 22.e4
Qh5 23.Kh2 g5 24.f3 Qg6 25.Ra1 f5 26.Qd4 {#r} 1-0

[Event "It (open)"]
[Site "masterchessopen.com - Leiden (Netherlands)"]
[Date "2012.02.18"]
[Round "2"]
[White "Ritsema Ronald (NED)"]
[Black "Senders Mischa (NED)"]
[Result "1-0"]
[WhiteElo "2078"]
[BlackElo "1885"]

1.d4 Nf6 2.c4 g6 3.Nf3 Bg7 4.g3 O-O 5.Bg2 c5 6.d5 e6 7.Nc3 exd5 8.cxd5 d6
9.O-O Re8 10.Nd2 a6 11.a4 b6 12.e4 Nbd7 13.h3 Rb8 14.Nc4 Ne5 15.Na3 Bb7 16.Kh2
Qc7 17.f4 Ned7 18.Nc4 Ba8 19.e5 dxe5 20.fxe5 Nxe5 21.Nxe5 Rxe5 22.Bf4 Nh5
23.d6 Qd8 24.Bxa8 Rxa8 25.Bxe5 Bxe5 26.Ne4 Bxb2 27.Rb1 Bd4 28.Qb3 Qd7 29.Qd5
Re8 30.Rxb6 Rxe4 31.Qxe4 Qxa4 32.Qe2 c4 33.Rb8+ Kg7 34.Rxf7+ {#r} 1-0

[Event "Ch Kazakhstan (1/2 final)"]
[Site "masterchessopen.com - Pavlodar (Kazakhstan)"]
[Date "2012.02.22"]
[Round "2"]
[White "Kabyzhanov Bulat (KAZ)"]
[Black "Kazakov Konstantin (KAZ)"]
[Result "0-1"]
[WhiteElo "2110"]
[BlackElo "2302"]

1.d4 Nf6 2.Nf3 e6 3.c4 c5 4.d5 exd5 5.cxd5 d6 6.Nc3 g6 7.g3 Bg7 8.Bg2 O-O
9.O-O Re8 10.Nd2 b6 11.Qc2 Ba6 12.e4 Bxf1 13.Nxf1 Nbd7 14.h3 a6 15.b3 Rc8
16.Ne3 b5 17.Bb2 c4 18.bxc4 bxc4 19.Rb1 Ne5 20.Bc1 Rb8 21.f4 Rxb1 22.Qxb1 Ned7
23.Nxc4 Qc7 24.Qb4 Rb8 25.Qa4 Qc5+ 26.Kh2 Rb4 {#R} 0-1

[Event "It (cat.7)"]
[Site "masterchessopen.com - Tel Aviv (Israel)"]
[Date "2012.03.03"]
[Round "5"]
[White "Jirka Jiri (CZE)"]
[Black "Plaskett Jim (ENG)"]
[Result "1-0"]
[WhiteElo "2415"]
[BlackElo "2480"]

1.d4 Nf6 2.c4 e6 3.g3 c5 4.d5 exd5 5.cxd5 d6 6.Nc3 g6 7.Bg2 Bg7 8.Nf3 O-O
9.O-O Re8 10.Bf4 a6 11.a4 Ne4 12.Nxe4 Rxe4 13.Nd2 Rb4 14.Ra2 g5 15.Be3 f5
16.Nf3 h6 17.h4 gxh4 18.Nxh4 f4 19.Bd2 fxg3 20.fxg3 Rg4 21.Qe1 Nd7 22.Nf5 Ne5
23.Nxh6+ Bxh6 24.Bxh6 Kh7 25.Bf4 Qe7 26.Ra3 Bd7 27.Re3 Qg7 28.Qc3 Re8 29.a5
Nf7 30.Rxe8 Bxe8 31.Be4+ Kg8 32.Bf5 Qxc3 33.bxc3 Rg7 34.Be6 Kh7 35.c4 Kg6
36.Bxf7+ {#r} 1-0

[Event "It (open)"]
[Site "masterchessopen.com - Cappelle la Grande (France)"]
[Date "2012.03.05"]
[Round "3"]
[White "Kostiukova Liubov (UKR)"]
[Black "Brodsky Michail (UKR)"]
[Result "0-1"]
[WhiteElo "2215"]
[BlackElo "2558"]

1.d4 Nf6 2.c4 e6 3.g3 c5 4.d5 exd5 5.cxd5 d6 6.Nc3 g6 7.Bg2 Bg7 8.Nf3 O-O
9.O-O Re8 10.Re1 a6 11.a4 Nbd7 12.Bf4 Qc7 13.h3 Nh5 14.Bd2 c4 15.b4 cxb3
16.Qxb3 Nc5 17.Qb4 Bd7 18.Rab1 Rac8 19.g4 Nf6 20.Rec1 h5 21.Nh2 hxg4 22.hxg4
Qd8 23.Bg5 Nxd5 24.Nxd5 Qxg5 25.f4 Qh4 26.Bf3 Bc6 27.Rd1 Nxa4 28.Rbc1 Qg3+
29.Kh1 Rxe2 {#R} 0-1

[Event "Verbandsliga Mitte 2011/12"]
[Site "masterchessopen.com - Germany"]
[Date "2012.03.18"]
[Round "8"]
[White "Schwark Mario"]
[Black "Graf Peter"]
[Result "0-1"]
[WhiteElo "1785"]
[BlackElo "1970"]

1.d4 Nf6 2.Nf3 e6 3.c4 c5 4.d5 exd5 5.cxd5 d6 6.Nc3 g6 7.g3 Bg7 8.Bg2 O-O
9.O-O a6 10.a4 Nbd7 11.e4 Qc7 12.h3 Re8 13.Re1 Rb8 14.Bf1 c4 15.Bf4 Nh5 16.Be3
Nc5 17.Bxc4 Nxe4 18.Nxe4 Rxe4 19.Bd3 Rb4 20.Bd2 Rxb2 21.Re8+ Bf8 22.Bh6 Ng7
23.Rc1 Qd7 24.Qe1 Qxe8 25.Qxe8 Nxe8 {#R} 0-1

[Event "Ch UrFO (open)"]
[Site "masterchessopen.com - Satka (Russia)"]
[Date "2012.03.26"]
[Round "3"]
[White "Chekletsov Ilya (RUS)"]
[Black "Vaseptsov Maxim (RUS)"]
[Result "0-1"]
[WhiteElo "1896"]
[BlackElo "2193"]

1.d4 Nf6 2.c4 e6 3.Nf3 c5 4.d5 exd5 5.cxd5 d6 6.Nc3 g6 7.g3 Bg7 8.Bg2 O-O
9.O-O Na6 10.Nd2 Nc7 11.a4 b6 12.Nc4 Ba6 13.Na3 Nh5 14.Nab5 f5 15.Bg5 Qd7
16.Qb3 Rae8 17.Bf3 Rf7 18.Rfe1 h6 19.Bd2 Nf6 20.Nxc7 Qxc7 21.Nb5 Qd7 22.Bc3
Ne4 23.Bxg7 Kxg7 24.Bxe4 fxe4 25.Kg2 Re5 26.h3 h5 27.h4 Bc8 28.Qe3 Qh3+ 29.Kg1
Bg4 30.Nxd6 Bf3 31.exf3 exf3 32.Qxe5+ Kh7 33.Qh8+ Kxh8 34.Nxf7+ Kg7 {#R} 0-1

[Event "Ch Europe"]
[Site "masterchessopen.com - Plovdiv (Bulgaria)"]
[Date "2012.03.27"]
[Round "7"]
[White "Voiteanu Gabriel (ROM)"]
[Black "Senetia Teodor (ROM)"]
[Result "1-0"]
[WhiteElo "2304"]
[BlackElo "2198"]

1.d4 Nf6 2.c4 c5 3.d5 e6 4.Nc3 exd5 5.cxd5 d6 6.Nf3 g6 7.g3 Bg7 8.Bg2 O-O
9.O-O Na6 10.Bf4 Nc7 11.a4 b6 12.Nd2 Nh5 13.Nc4 Nxf4 14.gxf4 Ba6 15.Qb3 Bxc4
16.Qxc4 a6 17.Ra3 Qd7 18.Ne4 b5 19.Qa2 bxa4 20.Rxa4 Rab8 21.Nc3 Rb6 22.Ra3
Rfb8 23.Rb1 Qf5 24.e3 Qc2 25.Nd1 c4 26.Ra4 Rb4 27.Rxb4 Rxb4 28.Ra1 Bxb2 29.Bf1
c3 30.Rb1 Ra4 31.Rc1 Qxd1 32.Qxb2 Qg4+ {#r} 1-0

[Event "Ch Europe"]
[Site "masterchessopen.com - Plovdiv (Bulgaria)"]
[Date "2012.03.29"]
[Round "9"]
[White "Voiteanu Gabriel (ROM)"]
[Black "Mogilarov Dimitar (BUL)"]
[Result "1-0"]
[WhiteElo "2304"]
[BlackElo "2189"]

1.d4 Nf6 2.c4 c5 3.d5 e6 4.Nc3 exd5 5.cxd5 d6 6.Nf3 g6 7.g3 Bg7 8.Bg2 O-O
9.O-O Qa5 10.Bf4 Rd8 11.a4 Nh5 12.Bg5 Re8 13.Nb5 Bf8 14.Nd2 f6 15.Nc4 Qd8
16.Bd2 b6 17.a5 Ba6 18.axb6 axb6 19.g4 Bxb5 20.Rxa8 Bxc4 21.gxh5 Bxe2 22.Qc2
Bxf1 23.Bxf1 gxh5 24.Bc3 Qd7 25.f3 Qf7 26.Bb5 Rd8 27.Qf5 Bg7 28.Bd3 Bh8 29.Qe6
Qxe6 30.dxe6 Kf8 31.Ra7 Nc6 32.Rf7+ Ke8 33.Bb5 Rc8 34.Rxh7 {#r} 1-0

[Event "It (open)"]
[Site "masterchessopen.com - Fortaleza (Brazil)"]
[Date "2012.04.07"]
[Round "4"]
[White "Baeta Marcio Netto (BRA)"]
[Black "Silva Alexandre Mota da"]
[Result "1-0"]
[WhiteElo "2154"]
[BlackElo "1699"]

1.d4 Nf6 2.c4 e6 3.Nc3 c5 4.d5 exd5 5.cxd5 d6 6.Nf3 g6 7.g3 Bg7 8.Bg2 O-O
9.O-O a6 10.a4 Nbd7 11.Bf4 Qb6 12.a5 Qc7 13.Nd2 Ng4 14.Nc4 Nge5 15.Bxe5 Bxe5
16.f4 Bxc3 17.bxc3 b5 18.axb6 Nxb6 19.Nxb6 Qxb6 20.e4 Re8 21.Qa4 Re7 22.Rab1
Qd8 23.Qc6 Bg4 24.Rb6 Rd7 25.Rxa6 Rc8 26.Qb5 Rb8 27.Qc4 Rb2 28.Re1 Rdb7 29.e5
Qf8 30.e6 Rxg2+ 31.Kxg2 Rb2+ 32.Kg1 Bh3 33.Ra2 Qb8 34.e7 Rb1 35.Re2 {#r} 1-0

[Event "Tournament"]
[Site "masterchessopen.com - Gran Canarian (Spain)"]
[Date "2012.04.14"]
[Round "5"]
[White "Navarro Molina David (ESP)"]
[Black "Ramirez Maillo Juan Adonay"]
[Result "1-0"]
[WhiteElo "2168"]
[BlackElo "1575"]

1.d4 Nf6 2.Nf3 c5 3.d5 e6 4.c4 exd5 5.cxd5 d6 6.Nc3 g6 7.g3 Bg7 8.Bg2 O-O
9.O-O a6 10.a4 Nbd7 11.Bf4 Qc7 12.h3 Nh5 13.Bg5 h6 14.Bd2 Rb8 15.Qc1 Kh7
16.Rb1 b5 17.axb5 axb5 18.b4 Nhf6 19.bxc5 b4 20.cxd6 Qxd6 21.Bf4 Qc5 22.Bxb8
Nxb8 23.Na2 Qxc1 24.Rfxc1 Nxd5 25.Nxb4 Be6 26.Nxd5 Bxd5 27.Ng5+ hxg5 28.Bxd5
Nd7 29.Rb7 Ne5 30.Rcc7 Kg8 31.f4 gxf4 32.gxf4 {#r} 1-0

[Event "It (open)"]
[Site "masterchessopen.com - Lille (France)"]
[Date "2012.04.25"]
[Round "4"]
[White "De Andres Gonalons Fernando (ESP)"]
[Black "Bellahcene Bilel (FRA)"]
[Result "0-1"]
[WhiteElo "2084"]
[BlackElo "2321"]

1.d4 Nf6 2.c4 e6 3.Nf3 c5 4.d5 exd5 5.cxd5 d6 6.Nc3 g6 7.g3 Bg7 8.Bg2 O-O
9.O-O a6 10.a4 Re8 11.Bf4 Nh5 12.Bg5 Qc7 13.Rc1 h6 14.Bd2 Nd7 15.b3 Rb8 16.Re1
b5 17.axb5 axb5 18.e4 Nhf6 19.Qc2 Ba6 20.Nd1 Rec8 21.Bf1 Qb7 22.h3 Nb6 23.Bf4
Ne8 24.Qd2 Kh7 25.h4 b4 26.Bxa6 Qxa6 27.e5 c4 28.bxc4 Nxc4 29.Qe2 Ra8 30.Qe4
dxe5 31.Nxe5 Ned6 32.Qb1 Bxe5 33.Bxe5 Nd2 34.Rxc8 {#R} 0-1